| 000 | 00622nam a2200193 u 4500 | ||
|---|---|---|---|
| 005 | 20210223131900.0 | ||
| 008 | 121015s2008 ea r 000 0 spa d | ||
| 020 | _a9780746097632 | ||
| 035 | _aUPN01000187498 | ||
| 049 | _aI | ||
| 050 | 4 |
_aPZ78 _bJ6.5 |
|
| 100 | 1 |
_aJones, Rob Lloyd _933223 |
|
| 245 | 1 | 0 |
_a1001 cosas que buscar en el mundo de los piratas / _cRob Lloyd Jones ; il. Teri Gower; tr. Antonio Navarro Gosálvez. |
| 260 |
_aLondres : _bUsborne, _cc2008. |
||
| 300 |
_a31 p. : _bil. col. |
||
| 650 | 4 |
_aROMPECABEZAS EN IMAGENES _921658 |
|
| 650 | 4 |
_aPIRATAS - _vLITERATURA INFANTIL _97727 |
|
| 905 | _aInfantil | ||
| 999 |
_c159601 _d159601 |
||